| 000 | 00757nam a2200265Ia 4500 | ||
|---|---|---|---|
| 003 | OSt | ||
| 005 | 20221006153410.0 | ||
| 006 | a|||||r|||| 00| 0 | ||
| 007 | ta | ||
| 008 | 221006b |||||||| |||| 00| 0 eng d | ||
| 020 |
_a9780195305920 _c _60.00 |
||
| 024 | _a32,223 | ||
| 037 |
_bGift, Prof. Sonoko Hijikata _cTextual |
||
| 040 |
_aEASL _cEASL _beng |
||
| 041 |
_2eng _aeng |
||
| 082 | _aQ4v, P6 | ||
| 100 |
_aHEINE Steven _9321976 |
||
| 245 | 0 |
_aDid Dogen go to China? _b What he wrote and when he wrote it |
|
| 260 |
_aOxford _bOxford University Press _c2006 |
||
| 300 |
_a298p. _ccm. |
||
| 490 | _v CEL | ||
| 650 | _aCEL | ||
| 942 |
_hQ4v, P6 _cTEXL _2CC |
||
| 999 |
_c1100309 _d1100309 |
||